| 000 | 01707nam a2200325 i 4500 | ||
|---|---|---|---|
| 003 | EG-ScBUE | ||
| 005 | 20231126141643.0 | ||
| 008 | 110817s1985 ua bo f 000 0 ara d | ||
| 017 | _a1985 / 4655 | ||
| 040 |
_aEG-ScBUE _bara _erda _cEG-ScBUE _dEG-ScBUE |
||
| 041 | 1 |
_aara _heng |
|
| 082 |
_222 _a932.014 _bق د ر |
||
| 100 | 1 |
_926766 _aقدرى، أحمد، _d1931-1990، _eمؤلف. |
|
| 245 | 1 | 2 |
_aالمؤسسة العسكرية المصرية في عصر الإمبراطورية 1570 ق.م-1078 ق.م / _cتأليف الدكتور أحمد قدري ؛ ترجمة مختار السويفي، محمد العزب موسى ؛ مراجعة الدكتور محمد جمال الدين مختار. |
| 264 | 1 |
_aالقاهرة : _bهيئة الأثار المصرية، _c1985. |
|
| 300 |
_a457 صفحة : _bخرائط، صور ؛ _c24 سم. |
||
| 336 |
_2rdacontent _aنص _btxt |
||
| 337 |
_aبدون وسيط _2rdamedia _bn |
||
| 338 |
_aمجلد _bnc _2rdacarrier |
||
| 490 | 0 |
_aنحو وعي حضاري معاصر. _aسلسلة الثقافة الأثرية والتاريخية مشروع المائة كتاب |
|
| 546 | _aالنص باللغة العربية وتم ترجمته من اللغة الإنجليزية. | ||
| 651 | 7 |
_926708 _aمصر القديمة _xتاريخ _yالدولة الحديثة (1580-525 ق.م.). _2BUEsh |
|
| 651 | 7 |
_aمصر القديمة _xجيش _xحياة عسكرية. _2BUEsh |
|
| 653 | _cAugust2011 | ||
| 655 | _vReading book | ||
| 700 | 1 |
_926768 _aسويفي، مختار، _cمترجم. |
|
| 700 | 1 |
_926769 _aموسى، محمد العزب، _cمترجم. |
|
| 700 | 1 |
_926770 _aمختار، محمد جمال الدين، _cمراجع. |
|
| 942 |
_2ddc _cBB |
||
| 999 |
_c15859 _d15859 |
||